000 00539nam a22001817a 4500
005 20240102111529.0
010 _aENG-138016
020 _c1850.00
035 _aEN-121548
037 _bDBAD/PUB
082 _a578.09541
245 _aBioluminescene:
_bAnnual Biological communication/
_cEdited by Hemen Chandra Majumdar
260 _aAssam
_bEBH Publishers
_c2021
270 _a136, M.L. Nehru Road, Panbazar
_bGuwahati
_e781001
300 _a379P
_c25cm(pbk)
490 _vVolume 1
942 _2ddc
_cEN
_h510.934
_mNEW
999 _c198212
_d198212